00565nam a2200181Ia 4500003000900000008004100009040001600050080001300066100002600079245008100105260003900186300001000225650002000235650002000255942000700275999001300282952008800295IN-BaIIA211028s9999 xx 000 0 eng d cIIA Library a510bHUT aHutton, Charles91491 0aTracts on mathematical and philosophical subjectsbvol. IIcCharles Hutton  aLondonbF.G and J. Rivingtonc1812 a384p. aMathematics982 aPhilosophy9445 cBK c696d696 00104070aBANbKODcGENd0000-00-00l0o510/ HUTp719r2021-11-05w0000-00-00yBK